| 000 | 00512nam a22001697a 4500 | ||
|---|---|---|---|
| 999 |
_c15557 _d15557 |
||
| 003 | OSt | ||
| 008 | 190515b ||||| |||| 00| 0 eng d | ||
| 020 | _a9789385516894 | ||
| 082 |
_a630 _bGUP/AD |
||
| 245 | _aAdvances in agri - management : General management business development and innovative practices | ||
| 260 |
_aNew Delhi _bNew India publishing Agency _c2017 |
||
| 300 | _a356 p | ||
| 700 |
_aGupta, Rakhi _94039 |
||
| 700 |
_aRakesh,Singh _94040 |
||
| 700 |
_aChowdhry, Divya Gupta _94041 |
||
| 942 | _cBK | ||